Analysis of Market Concentration in Creative Industry

Použitie Herfindahl-Hirschmanovho indexu a pomeru koncentrácie vo vybraných odvetviach kreatívneho priemyslu. Definícia kreatívneho priemyslu a podniku. Meranie koncentrácie trhov priemyslu.

Salvato in:
Dettagli Bibliografici
Autore principale: Kozáková, Mária, 1991-
Altri autori: Kmety Barteková, Mária, 1992-
Natura: Capitolo di libro
Lingua:inglese
Soggetti:
Tags: Aggiungi Tag
Nessun Tag, puoi essere il primo ad aggiungerne!!

MARC

LEADER 00000naa$a2200000$$$4500
001 0270424
005 20260209133233.0
041 0 |a eng 
044 |a FR 
245 1 0 |a Analysis of Market Concentration in Creative Industry  |c Mária Kozáková, Mária Kmety Barteková 
520 |a Použitie Herfindahl-Hirschmanovho indexu a pomeru koncentrácie vo vybraných odvetviach kreatívneho priemyslu. Definícia kreatívneho priemyslu a podniku. Meranie koncentrácie trhov priemyslu. 
610 2 0 |a priemysel kreatívny 
610 2 0 |a podnik 
610 2 0 |a koncentrácia 
610 2 0 |a trh 
100 1 |a Kozáková, Mária, 1991- 
700 1 |a Kmety Barteková, Mária, 1992-